Harry Potter and the Chamber of Secrets - Statistics

General Stats
  • This quiz has been taken 57 times
  • The average score is 15 of 16
Answer Stats
Question Answer % Correct
What is the Beast of Slytherin? A basilisk
100%
Why is everybody afraid of Harry? Because they found out he is a Parselmouth
100%
Who opened the Chamber of Secrets? Ginny Weasley
100%
Who were the people who got petrified? Hermione Granger, Penelope Clearwater, Mrs. Norris, Nearly Headless Nick and more
100%
How did Harry free Dobby? He tricked Lucius into giving Dobby a sock
100%
How did Harry heal his wound? Pheonix tears
100%
Who is supposedly supposed to open the Chamber of Secrets? The Heir of Slytherin
100%
What happened to Harry and Ron when they tried to board Hogwarts Express? The wall would not take them to the train, it turned into a solid
100%
Who rescues Harry from the Dursley's home? The Weasleys
100%
How did Harry and Ron get to Hogwarts? They flew there by flying car
100%
How did Harry hear the Beast of Slytherin when nobody else could? Because he is a Parselmouth
89%
Why did the person who opened the Chamber do it? Because they were possesed
89%
Who was behind all the accidents Harry had been having? Dobby
89%
How did Harry defeat the Beast of Slytherin? He fought with the sword of Godric Gryffindor
89%
What happened to the people who saw the Beast of Slytherin? They were petrified
89%
How did the Beast of Slytherin communicate? Through pipes
44%
No matching quizzes found
Score Distribution
Percent of People with Each Score
Percentile by Number Answered
Your Score History
You have not taken this quiz